| 000 | 01005nam a2200301 i 4500 | ||
|---|---|---|---|
| 001 | bg | ||
| 003 | BPK | ||
| 005 | 20201123124700.0 | ||
| 008 | 071028s1966 pl a f f |000 0 pol | ||
| 015 | _aPB 1966/7548 | ||
| 040 |
_aWA N _cBPK |
||
| 080 | _a696 | ||
| 080 | _a628.1/.2 | ||
| 080 | _a(075.8) | ||
| 100 | 1 |
_aGabryszewski, Tadeusz _d(1906-1995) _eAutor |
|
| 245 | 1 | 0 |
_aWewnętrzne instalacje wodociągowe i kanalizacyjne / _cTadeusz Gabryszewski. |
| 260 |
_aWarszawa : _b"Arkady", _c1966. |
||
| 300 |
_a283, [1] s. : _bil. ; _c23 cm. |
||
| 504 | _aBibliogr. | ||
| 521 | 8 | _aDla studentów wydz. inż. sanit. oraz dla inżynierów projektantów i wykonawców. | |
| 655 | 4 | _aPodręczniki akademickie | |
| 650 | 4 | _aKanalizacja | |
| 650 | 4 | _aWodociąg | |
| 650 | 4 | _aInstalacje sanitarne | |
| 710 | 2 |
_aWydawnictwo "Arkady". _4pbl. |
|
| 856 |
_uhttp://koha.tu.koszalin.pl/cgi-bin/koha/opac-detail.pl?biblionumber=10804 _yKatalog online BPK |
||
| 942 |
_2UKD _cKS |
||
| 999 |
_c10804 _d10804 |
||